Adobe photoshop creative techniques
| Main Author: | |
|---|---|
| Format: | Book |
| Published: |
Indianapolis :
Hayden Books ,
1995
|
| Subjects: |
MARC
| LEADER | 00000cam a2200000 7i4500 | ||
|---|---|---|---|
| 001 | 0000003192 | ||
| 005 | 20050613.0 | ||
| 020 | |a 1568301324 | ||
| 040 | |a INS | ||
| 090 | 0 | 0 | |a T385. |b S239 1995 |
| 100 | 1 | |a Salles, Denise | |
| 245 | 1 | 0 | |a Adobe photoshop creative techniques |c Denise Salles |
| 260 | |a Indianapolis : |b Hayden Books , |c 1995 | ||
| 300 | |a 252p. | ||
| 650 | 0 | 0 | |a Adobe photoshop (computer file) |
| 650 | 0 | 0 | |a Computer graphics |
| 999 | |a 0000006725 |b BOOK |c Open Shelf |e Default branch | ||